[Event "3rd SPAChess Open"]
[Site "Amsterdam NED"]
[Date "2013.07.08"]
[Round "3.20"]
[White "De Ruiter,D"]
[Black "Theulings,PP"]
[Result "0-1"]
[WhiteElo "2254"]
[BlackElo "2110"]

1.d4 Nf6 2.Bg5 c5 3.c3 d5 4.Nf3 Nc6 5.e3 Ne4 6.Bh4 Qb6 7.Qb3 c4 8.Qxb6 axb6
9.Nbd2 Nxd2 10.Nxd2 b5 11.e4 e6 12.Be2 b4 13.Bf3 bxc3 14.bxc3 Ba3 15.exd5 exd5
16.Rb1 Ra5 17.O-O Bd6 18.Rfe1+ Kd7 19.a4 Kc7 20.Rb5 Be6 21.Reb1 Rxb5 22.axb5 Ne7
23.b6+ Kd7 24.Bxe7 Bxe7 25.Ra1 Bd8 26.Ra8 Bg5 27.Rxh8 Bxd2 28.Bd1 Kc6 29.Rxh7 Bxc3
30.Rxg7 Bxd4 31.Rg8 Bb2 32.h4 d4 33.Bf3+ Kxb6 34.Rb8 c3 35.Be4 Bd5 36.Bxd5 c2
37.Rxb7+ Ka6 38.Rc7 Bc3 39.Rxf7 c1=Q+ 40.Kh2 Kb5 41.Rf3 Qe1 42.g3 Qe2  0-1

[Event "ch-BEL Open 2013"]
[Site "Antwerp BEL"]
[Date "2013.07.08"]
[Round "3.19"]
[White "Maurissen,Wim"]
[Black "Barbier,S"]
[Result "1/2-1/2"]
[WhiteElo "1897"]
[BlackElo "2115"]

1.d4 Nf6 2.Bg5 c5 3.Bxf6 exf6 4.c3 d5 5.e3 Nc6 6.Bd3 Be7 7.Nd2 Be6 8.Ne2 Qd7
9.Nf4 Rd8 10.Nxe6 Qxe6 11.O-O O-O 12.dxc5 Bxc5 13.Nb3 Bb6 14.Nd4 Qe5 15.Nf3 Qe7
16.Qc2 g6 17.Rad1 Ne5 18.Be2 Rd7 19.Rd2 Rfd8 20.Rfd1 Qc5 21.Qa4 Rd6 22.h3 Kg7
23.Qf4 Nc6 24.a3 Bc7 25.Nd4 R6d7 26.Qh4 a6 27.Nxc6 Qxc6 28.Bf3  1/2-1/2

[Event "9th Baltic Pearl 2013"]
[Site "Lazy POL"]
[Date "2013.07.08"]
[Round "9.14"]
[White "Betkowski,A"]
[Black "Jacek,R"]
[Result "1/2-1/2"]
[WhiteElo "2066"]
[BlackElo "1835"]

1.d4 Nf6 2.Bg5 d5 3.e3 Bf5 4.c4 c6 5.Nc3 e6 6.Bd3 Bxd3 7.Qxd3 dxc4 8.Qxc4 Be7
9.Nf3 Nbd7 10.O-O O-O 11.e4 h6 12.Bh4 Re8 13.Rad1 Qa5 14.Qb3 b6 15.a3 Qh5
16.Rfe1 e5 17.dxe5  1/2-1/2

[Event "St. Pauli Open 2013"]
[Site "Hamburg GER"]
[Date "2013.07.09"]
[Round "4.59"]
[White "Lehmkuhl,S"]
[Black "Kaminik,A"]
[Result "0-1"]
[WhiteElo "1948"]
[BlackElo "2174"]

1.d4 Nf6 2.Bg5 g6 3.Bxf6 exf6 4.e3 Bg7 5.Ne2 O-O 6.Nf4 b6 7.Be2 Bb7 8.Bf3 Nc6
9.O-O Na5 10.Nd2 c5 11.dxc5 bxc5 12.c3 Rb8 13.Nb3 Nxb3 14.Bxb7 Nxa1 15.Bd5 Rxb2
16.Qxa1 Rb8 17.c4 f5 18.Qd1 Qa5 19.g4 fxg4 20.Qxg4 Qd2 21.Qxd7 Qxa2 22.Qc7 Rb1
23.Rxb1 Qxb1+ 24.Kg2 a5 25.Qa7 Be5 26.Qxa5 Bxf4 27.exf4 Qf5 28.Qxc5 Qg4+
29.Kh1 Qxf4 30.Kg2 Qg4+ 31.Kf1 Re8 32.Qc7 Qh3+  0-1

[Event "120th ch-SCO 2013"]
[Site "Helensburgh SCO"]
[Date "2013.07.09"]
[Round "4.17"]
[White "Robinson,Steph2"]
[Black "Smith,Stephen H"]
[Result "1-0"]
[WhiteElo "1879"]
[BlackElo "1802"]

1.d4 Nf6 2.Bg5 d5 3.Nc3 e6 4.e4 Be7 5.e5 Nfd7 6.h4 Bxg5 7.hxg5 Qxg5 8.Qd3 h6
9.Nh3 Qe7 10.f4 a6 11.Be2 c5 12.O-O-O cxd4 13.Qxd4 Nc6 14.Qd3 Nc5 15.Qg3 Qf8
16.Rxd5 exd5 17.Nxd5 Be6 18.Nc7+ Kd7 19.Nxa8 Qxa8 20.Rd1+ Kc7 21.f5 Bxf5
22.e6+ Kb6 23.exf7 Qf8 24.Bc4 g5 25.Qf2 Bxh3 26.gxh3 Kc7 27.Qg3+ Kc8 28.Re1 Qd8
29.Re6 Nd4 30.Rd6 Qc7 31.Qe5 Rd8 32.Rxd8+ Kxd8 33.f8=Q+  1-0

[Event "19th JCL Summer Masters 2013"]
[Site "Montpellier FRA"]
[Date "2013.07.09"]
[Round "3.4"]
[White "Louche,H"]
[Black "Thejkumar,M"]
[Result "0-1"]
[WhiteElo "1786"]
[BlackElo "2403"]

1.d4 Nf6 2.Bg5 d5 3.Nf3 Ne4 4.h4 c5 5.dxc5 f6 6.Bc1 e5 7.e3 Bxc5 8.Nbd2 Nxd2
9.Nxd2 O-O 10.Be2 f5 11.Nf3 Nc6 12.c3 a5 13.a4 Be7 14.Bb5 Bf6 15.Ng5 h6 16.f4 g6
17.h5 hxg5 18.fxg5 Bxg5 19.hxg6 Kg7 20.Rh7+ Kxg6 21.Qh5+ Kf6 22.e4 f4 23.g3 Qe8
24.Qh1 Bg4 25.exd5 Rd8 26.Bd2 Qg6 27.dxc6 Rxd2 28.cxb7 f3 29.Rh8 Rdd8 30.Rxf8+ Rxf8
31.Qf1 Qe4+  0-1

[Event "Commonwealth & RSA Open"]
[Site "Port Elizabeth RSA"]
[Date "2013.07.09"]
[Round "6.12"]
[White "Brown,An"]
[Black "Pitso,Fp"]
[Result "1-0"]
[WhiteElo "2281"]
[BlackElo "1985"]

1.d4 Nf6 2.Bg5 g6 3.Bxf6 exf6 4.g3 Bg7 5.Bg2 d5 6.e3 O-O 7.Ne2 c6 8.Nd2 Be6
9.Nf4 Nd7 10.c4 dxc4 11.h4 Qa5 12.Qc2 Nb6 13.h5 g5 14.h6 Bh8 15.Rh5 Bf5 16.e4 Bg6
17.Nxg6 fxg6 18.Rh1 Rad8 19.Qc3 Qxc3 20.bxc3 Na4 21.Rc1 b5 22.f4 Nb2 23.Bf1 Rfe8
24.Kf2 a6 25.Rc2 Na4 26.Bg2 c5 27.d5 Nb6 28.f5 gxf5 29.exf5 Nxd5 30.Bxd5+ Rxd5
31.g4 Rd3 32.Re1 Rxe1 33.Kxe1 Rg3 34.Ne4 Rg1+ 35.Ke2 Rxg4 36.Ke3 Rh4 37.Rd2 Rh3+
38.Kf2 Rxh6 39.Rd8+ Kg7 40.Nxc5 Rh2+ 41.Kg3 Rxa2 42.Ne6+ Kf7 43.Rxh8 Ke7
44.Rxh7+ Kd6 45.Rf7 Ke5 46.Nd4 Ra3 47.Re7+ Kd5 48.Rd7+ Ke4 49.Re7+ Kd3 50.Ne2 a5
51.Kf2 b4 52.Re3+ Kd2 53.Re6 Ra1 54.Rxf6 b3 55.Rd6+ Kc2 56.Ke3 b2 57.Rd2+ Kb3
58.Nd4+ Kxc3 59.Rc2+ Kb4 60.Rxb2+ Kc5 61.f6 Re1+ 62.Re2 Rxe2+ 63.Kxe2  1-0

[Event "Universiade Women"]
[Site "Kazan RUS"]
[Date "2013.07.10"]
[Round "3.5"]
[White "Stojanovic,Andj"]
[Black "Bodnaruk,A"]
[Result "0-1"]
[WhiteElo "2302"]
[BlackElo "2440"]

1.d4 Nf6 2.Bg5 g6 3.Bxf6 exf6 4.e3 Bg7 5.g3 O-O 6.Bg2 d5 7.Ne2 c6 8.O-O Nd7
9.b3 f5 10.c4 Nf6 11.Nbc3 Be6 12.Nf4 dxc4 13.Nxe6 fxe6 14.bxc4 e5 15.dxe5 Ng4
16.Rb1 Qe7 17.Qb3 Qxe5 18.Ne2 Rf7 19.Rbd1 Re8 20.Nf4 Bf8 21.Nd3 Qc7 22.Rfe1 Nf6
23.c5 Ne4 24.Qc4 Qa5 25.Rc1 Bg7 26.Re2 Kf8 27.Nf4 Qa3 28.Rcc2 Rfe7 29.Re1 Re5
30.Rec1 Nxc5 31.Rb1 Rd8 32.h4 Bf6 33.Kh2 Rd7 34.Qb4 Qxb4 35.Rxb4 Ke7 36.Bf1 a5
37.Rb1 Ne4 38.Be2 Nxf2  0-1

[Event "Universiade Men"]
[Site "Kazan RUS"]
[Date "2013.07.10"]
[Round "3.18"]
[White "Nguyen Van Hai"]
[Black "Abasov,N"]
[Result "1/2-1/2"]
[WhiteElo "2353"]
[BlackElo "2498"]

1.d4 Nf6 2.Bg5 d5 3.Bxf6 exf6 4.e3 Be6 5.Nd2 c5 6.dxc5 Bxc5 7.c3 O-O 8.Ngf3 Nc6
9.Nb3 Bb6 10.Nbd4 Qe7 11.Be2 Rad8 12.O-O Bc8 13.Qc2 Ne5 14.Rad1 g6 15.Rfe1 Bc7
16.Qb3 Bb8 17.Nc2 Qc7 18.g3 Nc6 19.Nb4 Nxb4 20.Qxb4 b6 21.Rd2 a5 22.Qb3 Kg7
23.Nd4 h5 24.Bf3 h4 25.Bxd5 hxg3 26.hxg3 Rh8 27.Bf3 Rh3 28.Bg2 Rdh8 29.Qd5 Rh2
30.Red1  1/2-1/2

[Event "120th ch-SCO 2013"]
[Site "Helensburgh SCO"]
[Date "2013.07.11"]
[Round "6.16"]
[White "Nickl,K"]
[Black "Newton,Andrew"]
[Result "1-0"]
[WhiteElo "2101"]
[BlackElo "1769"]

1.d4 Nf6 2.Bg5 c5 3.Bxf6 gxf6 4.d5 Qb6 5.Qc1 f5 6.c4 Bg7 7.Nc3 d6 8.e3 Nd7
9.Qc2 Nf6 10.Bd3 Ne4 11.Nge2 Qb4 12.a3 Qa5 13.O-O Nxc3 14.Nxc3 e6 15.f4 Qd8
16.Rad1 a6 17.e4 Bd4+ 18.Kh1 Qf6 19.dxe6 fxe6 20.exf5 Bxc3 21.Qxc3 Qxc3 22.bxc3 exf5
23.Be2 Kd7 24.Bf3 Kc7 25.Rfe1 Bd7 26.Re7 Rae8 27.Rde1 Rxe7 28.Rxe7 Re8 29.Rxe8 Bxe8
30.Bd5 Bc6 31.Bg8 h6 32.Kg1 Kb6 33.Be6 Be4 34.Kf2 Ka5 35.g4 fxg4 36.Bxg4 Ka4
37.Ke3 Bg6 38.Bc8 Kxa3 39.f5 Bxf5 40.Bxf5 a5 41.Bc2 Kb2 42.Kd2 Ka3 43.Kc1 Ka2
44.Bd1 Ka3 45.Kb1 h5 46.h4 a4 47.Bc2 b6 48.Bd1  1-0

[Event "23rd Heart of FIN"]
[Site "Jyvaskyla FIN"]
[Date "2013.07.11"]
[Round "6.18"]
[White "Pohjala,H"]
[Black "Wallgren,U"]
[Result "1-0"]
[WhiteElo "2338"]
[BlackElo "2085"]

1.d4 Nf6 2.Bg5 g6 3.Bxf6 exf6 4.e3 Bg7 5.g3 d5 6.Bg2 c6 7.Ne2 Be6 8.O-O Nd7
9.Nd2 f5 10.Nf4 O-O 11.c4 Nf6 12.cxd5 Bxd5 13.Rc1 Re8 14.Nxd5 cxd5 15.Qb3 Qd7
16.Rc5 b6 17.Rb5 Red8 18.Nb1 Ne4 19.Bxe4 dxe4 20.Nc3 Rac8 21.a4 Re8 22.Qd5 Qc7
23.a5 Red8 24.axb6 Rxd5 25.bxc7 Rxb5 26.Nxb5 a6 27.d5 axb5 28.d6 Bf6 29.Rc1 Bd8
30.Rc5 Bxc7 31.dxc7 Kf8 32.Kf1 Ke7 33.Ke2 Kd6 34.Rxb5 Rxc7 35.Kd2 Ke6 36.b3 Rc6
37.Ra5 Rd6+ 38.Kc2 Rc6+ 39.Kb2 Rd6 40.Rc5 Rd2+ 41.Rc2 Rd7 42.h4 f6 43.b4 g5
44.Rc6+ Ke7 45.Kb3 Rd3+ 46.Rc3 Rd5 47.Rc7+ Kd6 48.Rxh7 gxh4 49.Rxh4 Kc6 50.Rh6 Kb5
51.Rxf6 Rd3+ 52.Kc2 Kxb4 53.Rxf5 Rc3+ 54.Kd2 Rd3+ 55.Ke2 Kc3 56.Re5 Rd2+
57.Kf1 Rd1+ 58.Kg2  1-0

[Event "Werner-Ott-Open 2013"]
[Site "Berlin GER"]
[Date "2013.07.12"]
[Round "7.5"]
[White "Kopisch,M"]
[Black "Brustkern,J"]
[Result "1/2-1/2"]
[WhiteElo "2129"]
[BlackElo "2213"]

1.d4 Nf6 2.Bg5 d5 3.Bxf6 gxf6 4.e3 c6 5.c4 h5 6.Nc3 h4 7.Nf3 a6 8.a4 e6 9.Bd3 Nd7
10.Qc2 f5 11.a5 dxc4 12.Bxc4 b5 13.axb6 Nxb6 14.Be2 Bb7 15.O-O-O Nd5 16.Nxd5 cxd5
17.Qa4+ Qd7 18.Qxd7+ Kxd7 19.Ne5+ Ke8 20.Kb1 Bd6 21.Nd3 Bc6 22.Rc1 Bb5 23.Nf4 Bxe2
24.Nxe2 Kd7 25.Rc2 a5 26.Nf4 a4 27.Nd3 Rhb8 28.Ka2 Rb5 29.Ne5+ Ke7 30.Rhc1 Kf6
31.Nd7+ Kg7 32.g3 Rb7 33.Nc5 Rbb8 34.Nd7 Rb7 35.Nc5  1/2-1/2

[Event "120th ch-SCO 2013"]
[Site "Helensburgh SCO"]
[Date "2013.07.12"]
[Round "7.9"]
[White "Trent,L"]
[Black "Green,An"]
[Result "1-0"]
[WhiteElo "2420"]
[BlackElo "2160"]

1.d4 Nf6 2.Bg5 d5 3.e3 c5 4.Bxf6 exf6 5.c3 Nc6 6.Nd2 Be6 7.Ne2 cxd4 8.Nxd4 Nxd4
9.cxd4 Qb6 10.Bd3 Bd6 11.Qb3 Qxb3 12.Nxb3 b6 13.Rc1 Ke7 14.Nd2 Rhc8 15.Ke2 a5
16.Nb1 Rxc1 17.Rxc1 Rc8 18.Nc3 Rc7 19.h3 g6 20.g4 Kd8 21.a3 Bd7 22.Kd2 Bc6
23.Be2 Kd7 24.f4 Bf8 25.Bf3 Kd6 26.Bxd5 Be8 27.Ne4+  1-0

[Event "50th Canadian Open 2013"]
[Site "Ottawa CAN"]
[Date "2013.07.13"]
[Round "1"]
[White "Panjwani,R"]
[Black "Zhao,Yuetong  Davy"]
[Result "1-0"]
[WhiteElo "2409"]
[BlackElo "1896"]

1.d4 Nf6 2.Bg5 d5 3.Bxf6 gxf6 4.c4 c5 5.e3 dxc4 6.Bxc4 cxd4 7.exd4 Nc6 8.Ne2 Bg4
9.Qb3 Bxe2 10.Bxf7+ Kd7 11.d5 Na5 12.Qh3+ Kc7 13.Kxe2 Kb8 14.Rc1 a6 15.b4 Qb6
16.bxa5 Qb2+ 17.Nd2 Qe5+ 18.Kf1 Bg7 19.Nc4 Qf4 20.Rab1 Ka7 21.Rxb7+ Kxb7
22.Qd7+  1-0

[Event "17th Battle of Senta"]
[Site "Senta SRB"]
[Date "2013.07.14"]
[Round "2.15"]
[White "Djuza,Z"]
[Black "Nagy,At1 SRB"]
[Result "0-1"]
[WhiteElo "2063"]
[BlackElo "2206"]

1.d4 Nf6 2.Bg5 c5 3.Bxf6 exf6 4.d5 d6 5.c4 g6 6.Nc3 Bg7 7.e4 O-O 8.Bd3 Nd7
9.f4 f5 10.exf5 Nf6 11.Qf3 Re8+ 12.Nge2 gxf5 13.h3 Ne4 14.O-O-O Qa5 15.Rhe1 Bd7
16.Bb1 Qb4 17.a3 Qxc4 18.Bd3 Qb3 19.Bc2 Qb6 20.g4 c4 21.Rg1 Nxc3 22.Nxc3 fxg4
23.hxg4 Qe3+ 24.Qxe3 Rxe3 25.Ne4 Rf3 26.f5 Be5 27.Rdf1 Rxf1+ 28.Rxf1 h6 29.g5 hxg5
30.Nxg5 Kg7 31.Ne4 f6 32.Kb1 Rh8 33.Nd2 b5 34.Nf3 Rh3 35.Be4 Rg3 36.Bc2 a5
37.Nd2 Rg2 38.Nf3 b4 39.axb4 axb4 40.Be4 Rxb2+ 41.Kc1 Re2 42.Rg1+ Kf7 43.Nxe5+ fxe5
44.Bf3 Ra2 45.Bh5+ Kf6 46.Rg6+ Kxf5 47.Rxd6 Ba4 48.Kb1 Rg2 49.Ra6 Rg1+ 50.Ka2 Bb3+
51.Kb2 Rg2+ 52.Kb1 c3  0-1

[Event "17th Battle of Senta"]
[Site "Senta SRB"]
[Date "2013.07.14"]
[Round "3.18"]
[White "Djuza,Z"]
[Black "Savic,Draga"]
[Result "1-0"]
[WhiteElo "2063"]
[BlackElo "2106"]

1.d4 Nf6 2.Bg5 d5 3.e3 Nbd7 4.Nf3 c6 5.c3 h6 6.Bh4 g5 7.Bg3 Ne4 8.Be5 Nxe5
9.Nxe5 Bg7 10.Nd3 Qc7 11.f3 Nd6 12.Nd2 Bf5 13.Be2 Bg6 14.Qb3 a5 15.a4 O-O
16.O-O b6 17.Rae1 e6 18.Nf2 c5 19.Bb5 cxd4 20.exd4 Rfc8 21.Bd3 Nc4 22.Bxc4 dxc4
23.Qd1 e5 24.d5 Rd8 25.Nde4 f5 26.Ng3 Rd6 27.Qc2 Rf8 28.Rd1 Qd7 29.Rd2 Be8
30.Rfd1 Qxa4 31.Qb1 Qd7 32.Qa2 Qc7 33.Qa3 Bg6 34.Kh1 Rc8 35.Qa2 Qd7 36.Nf1 Qc7
37.Ng3 Re8 38.Qa4 Re7 39.Re2 Qc5 40.Qc2 Rf7 41.Red2 h5 42.Qa4 h4 43.Nf1 Rfd7
44.Kg1 e4 45.fxe4 fxe4 46.Re2 Bh5 47.Rde1 Bxe2 48.Rxe2 Rf7 49.Qe8+ Rf8 50.Qxe4 Rdf6
51.Ne3 b5 52.g3 hxg3 53.hxg3 Qd6 54.Kg2 R6f7 55.Neg4 Rf5 56.Rd2 a4 57.Rd1 a3
58.bxa3 Bxc3 59.a4 Qg6 60.Qe2 Ba5 61.d6 c3 62.axb5 c2 63.Qc4+ R5f7 64.Rc1 Qxd6
65.Rxc2 Kg7 66.Re2 Bc7 67.Qc3+ Kg8 68.Ne4 Qd1 69.Qe1 Qxe1 70.Rxe1 Kg7 71.Nxg5 Ra8
72.Nxf7 Kxf7 73.Rc1 Ra2+ 74.Kh3 Bd6 75.Rc6 Ke7 76.Ne3 Kd7 77.Nf5 Bc7 78.Kg4 Rb2
79.Rc5 Rb3 80.Kh4 Bb6 81.Rd5+ Kc7 82.g4 Bf2+ 83.Kh5 Kb6 84.Nd6 Rh3+ 85.Kg6 Be1
86.Nc4+ Kb7 87.g5 Bc3 88.Rd7+ Kb8 89.Rf7 Rg3 90.Nd6 Bd4 91.Nf5 Rg4 92.Nxd4 Rxd4
93.b6 Rd6+ 94.Rf6 Rd7 95.Rf8+  1-0

[Event "Lueneburg Open 2013"]
[Site "Lueneburg GER"]
[Date "2013.07.15"]
[Round "1.19"]
[White "Wasmuth,M"]
[Black "Juergens,H"]
[Result "1-0"]
[WhiteElo "2163"]
[BlackElo "1705"]

1.d4 d5 2.Bg5 Nf6 3.Bxf6 exf6 4.e3 c6 5.Bd3 g6 6.Ne2 Bg7 7.c3 Nd7 8.g4 Nf8
9.Ng3 Ne6 10.Nd2 Qd7 11.Qc2 Ng5 12.h4 Ne6 13.h5 Qe7 14.O-O-O Nc7 15.hxg6 hxg6
16.Rxh8+ Bxh8 17.Rh1 Bg7 18.Rh7 Qf8 19.Bxg6 Bxg4 20.Bf5 Bxf5 21.Qxf5 Ne6
22.Nh5 Ke7 23.Rxg7 Nxg7 24.Qxf6+ Kd7 25.Nxg7 Qe7 26.Qxe7+ Kxe7 27.Nf5+ Ke6
28.Ng3 Rh8 29.Nf3 f6 30.Kd2 b6 31.Ne1 Rh2 32.Ke2 c5 33.dxc5 bxc5 34.Nd3 c4
35.Nf4+ Ke5 36.b4 a6 37.a4 Rh7 38.Kf3 Rb7 39.Nfe2 Rb6 40.Nd4 Rb7 41.Nge2 Rb6
42.Nf4 Rb7 43.Nfe6 Rb6 44.Nc5 Rd6 45.Kg4 Rd8 46.Nc6+  1-0

[Event "17th Battle of Senta"]
[Site "Senta SRB"]
[Date "2013.07.15"]
[Round "4.16"]
[White "Suc,T"]
[Black "Bejatovic,B"]
[Result "1/2-1/2"]
[WhiteElo "2137"]
[BlackElo "2002"]

1.d4 d5 2.Bg5 Nf6 3.Bxf6 exf6 4.e3 Bd6 5.c4 c6 6.cxd5 Bb4+ 7.Nc3 Qxd5 8.Ne2 Qa5
9.a3 Be7 10.Ng3 Be6 11.Bd3 Nd7 12.O-O h5 13.b4 Qg5 14.f4 Qh6 15.Rc1 g6 16.e4 h4
17.Nh1 Bd6 18.d5 cxd5 19.f5 Qe3+ 20.Nf2 h3 21.Qf3 Qxf3 22.gxf3 gxf5 23.exd5 Rg8+
24.Kh1 Rg2 25.dxe6 Rxh2+ 26.Kg1 Rg2+ 27.Kh1 Rh2+ 28.Kg1 Rg2+ 29.Kh1  1/2-1/2

[Event "Minsk Open 2013"]
[Site "Minsk BLR"]
[Date "2013.07.17"]
[Round "5.10"]
[White "Harshkou,M"]
[Black "Gorovets,A"]
[Result "1/2-1/2"]
[WhiteElo "2194"]
[BlackElo "2481"]

1.d4 Nf6 2.Bg5 d5 3.Bxf6 gxf6 4.e3 c5 5.c4 dxc4 6.Bxc4 cxd4 7.exd4 Nc6 8.Nf3 Bg7
9.O-O O-O 10.Nc3 Bg4 11.d5 Ne5 12.Be2 Bxf3 13.Bxf3 Qb6 14.Rb1 f5 15.Be2 Rfd8
16.Qc2 Qg6 17.Rbd1 Rac8 18.Qb3 Qb6 19.Qxb6 axb6 20.d6 e6 21.Bb5 Nc4 22.d7 Rc5
23.b4 Rc7 24.Na4 Na3 25.Be2 Nc2 26.Nxb6 Bd4 27.Nc4 Rcxd7 28.b5 Bc5 29.Ne5 Rd5
30.Bf3 Rxd1 31.Rxd1 Nd4 32.Kf1 Ra8 33.Bxb7 Rxa2  1/2-1/2

[Event "Minsk Open 2013"]
[Site "Minsk BLR"]
[Date "2013.07.18"]
[Round "6.13"]
[White "Gorovets,A"]
[Black "Savitski,A"]
[Result "1/2-1/2"]
[WhiteElo "2481"]
[BlackElo "2135"]

1.d4 d5 2.Bg5 Nf6 3.e3 Bf5 4.Bd3 Bxd3 5.Qxd3 c6 6.Bxf6 gxf6 7.Ne2 e6 8.Nbc3 Nd7
9.O-O Qc7 10.Kh1 h5 11.Rab1 Be7 12.b4 h4 13.Na4 f5 14.Nc5 Nf6 15.c4 b6 16.Na6 Qd7
17.Rbc1 h3 18.g3 Rc8 19.c5 b5 20.a4 Qb7 21.axb5 cxb5 22.Ra1 Rc6 23.Qa3 Ne4
24.Ra2 Bd8 25.f3 Ng5 26.Nc3 Rh6 27.f4 Ne4 28.Nxe4 fxe4 29.Nb8 Rc7  1/2-1/2

[Event "Czech Open G1 Rapid 2013"]
[Site "Pardubice CZE"]
[Date "2013.07.18"]
[Round "4.7"]
[White "Nisipeanu,LD"]
[Black "Boros,De"]
[Result "1-0"]
[WhiteElo "2670"]
[BlackElo "2504"]

1.d4 Nf6 2.Bg5 d5 3.Bxf6 exf6 4.e3 Bd6 5.c4 dxc4 6.Bxc4 f5 7.Nc3 Nd7 8.Nf3 O-O
9.Qc2 Nf6 10.O-O-O a6 11.h4 Bb4 12.Ne5 Bxc3 13.Qxc3 Qe7 14.h5 Ne4 15.Qc2 Nd6
16.Bd3 Be6 17.Kb1 Bd5 18.Bxf5 Nxf5 19.Qxf5 f6 20.Nd3 Bxg2 21.Rh4 Rae8 22.Ka1 Be4
23.Qh3 Bxd3 24.Rxd3 f5 25.Rf4 Qg5 26.a3 Rf6 27.Rc3 c6 28.Rc5 Ref8 29.Ka2 R6f7
30.Re5 Qd8 31.Rexf5 Qd7 32.Rxf7 Rxf7 33.Qxd7 Rxd7 34.Rf5 Rd6 35.Kb3 g6 36.hxg6 Rxg6
37.Kc4 Kg7 38.Kd3 Rg1 39.Ke4 Rb1 40.b4 Rb3 41.Ra5 Kf6 42.f4 h6 43.Rh5 Kg6
44.Re5 Kf7 45.Ra5 Kf6 46.d5 cxd5+ 47.Rxd5 Rxa3 48.Rd6+ Ke7 49.Rb6  1-0

[Event "Czech Open G1 Rapid 2013"]
[Site "Pardubice CZE"]
[Date "2013.07.18"]
[Round "8.1"]
[White "Nabaty,T"]
[Black "Shimanov,A"]
[Result "1/2-1/2"]
[WhiteElo "2586"]
[BlackElo "2664"]

1.d4 Nf6 2.Bg5 d5 3.Nd2 c5 4.Bxf6 gxf6 5.dxc5 Na6 6.e4 Nxc5 7.Qh5 Qb6 8.O-O-O dxe4
9.Nxe4 f5 10.Ng5 Qg6 11.Bb5+ Bd7 12.Qxg6 fxg6 13.Bxd7+ Nxd7 14.Ne6 Bh6+ 15.Kb1 Rc8
16.Nf3 Nc5 17.Nfd4 Ne4 18.Rde1 Nxf2 19.Rhg1 Ne4 20.g4 Nd6 21.gxf5 Nxf5 22.Nxf5 gxf5
23.Rgf1 f4 24.c3 Rg8 25.Re5 Rg6 26.Nxf4 Bxf4 27.Rxf4 Rd8 28.Rf2 Rd1+ 29.Kc2 Rdg1
30.Rfe2 Rg7 31.Rh5 R1g5 32.Rh4 Rg4 33.Rh5 R4g5  1/2-1/2

[Event "Czech Open G1 Rapid 2013"]
[Site "Pardubice CZE"]
[Date "2013.07.18"]
[Round "9.55"]
[White "Chernyshova,N"]
[Black "Klukin,Kirill"]
[Result "1/2-1/2"]
[WhiteElo "2109"]
[BlackElo "1983"]

1.d4 Nf6 2.Bg5 c5 3.d5 Ne4 4.Bf4 Qb6 5.Qc1 g6 6.f3 Bg7 7.c3 Nf6 8.e4 d6 9.Nd2 O-O
10.Nc4 Qd8 11.a4 Nbd7 12.Be2 b6 13.Bh6 Rb8 14.h4 a6 15.h5 b5 16.Na3 c4 17.hxg6 fxg6
18.Bxg7 Kxg7 19.Qh6+ Kg8 20.Nh3 Ne5 21.Ng5 Nf7 22.Nxf7 Rxf7 23.axb5 axb5
24.Nc2 e5 25.Nb4 Bb7 26.Kd2 Nd7 27.Rh4 Qf8 28.Qg5 Nc5 29.Rah1 Qe7 30.Qg3 Ra8
31.Bd1 Qf6 32.Bc2 Qe7 33.Rf1 Raf8 34.Ra1 Ra8 35.Rhh1 Rff8 36.Qg4 Qd7 37.Qh4 Qf7
38.Qh6 Rxa1 39.Rxa1 Ra8 40.Rxa8+ Bxa8 41.Qg5 Qf4+ 42.Qxf4 exf4 43.Na2 Kf7
44.Nc1 Kf6 45.Ne2 g5 46.Nd4 Ke5 47.Nxb5 Bb7 48.Nd4 h5 49.Nf5 Bc8 50.Ne7 Bd7
51.Bd1 Kf6 52.Nc6 Bxc6 53.dxc6 Ke7 54.Kc2 Nd3 55.Be2 Ne1+ 56.Kd2 Nxg2 57.Bxc4 Ne3
58.Ba6 Kd8 59.b4 Kc7 60.b5 Nc4+ 61.Ke2 Ne5 62.Kf2 g4 63.fxg4 hxg4 64.Kg2 Ng6
65.c4 Ne5 66.Kf2 Nxc4 67.b6+ Nxb6 68.Be2 f3 69.Bb5 d5 70.exd5 Nxd5 71.Kg3 Nf6
72.Bd3 Kxc6 73.Bf5 Nh5+ 74.Kxg4 f2 75.Bd3 Nf6+  1/2-1/2

[Event "12th Bergamo Open"]
[Site "Bergamo ITA"]
[Date "2013.07.19"]
[Round "2.2"]
[White "Georgiev,Ki"]
[Black "Gagliardi,Ch"]
[Result "1-0"]
[WhiteElo "2636"]
[BlackElo "2215"]

1.d4 Nf6 2.Bg5 d5 3.Bxf6 exf6 4.e3 c6 5.c4 dxc4 6.Bxc4 Bb4+ 7.Nc3 O-O 8.Nf3 Qa5
9.Rc1 Nd7 10.O-O Nb6 11.Bb3 Bg4 12.h3 Bxf3 13.Qxf3 f5 14.a3 Bd6 15.d5 g6
16.e4 f4 17.dxc6 bxc6 18.Ne2 Rac8 19.Nd4 c5 20.e5 cxd4 21.exd6 Qe5 22.Rxc8 Nxc8
23.d7 Nb6 24.Qb7 Qd6 25.Rd1 Rd8 26.Qxa7 Rxd7 27.Qa5 Kg7 28.a4 Rd8 29.Rd3 Nc8
30.Qd2 Ne7 31.Rf3 g5 32.Bc2 Nc6 33.Qd3 Ne5 34.Qxh7+ Kf8 35.Rb3 Qf6 36.Qe4 Qd6
37.Rb5 Ng6 38.Bd3 f3 39.g3  1-0

[Event "15th TCh-Eur Senior"]
[Site "Dresden GER"]
[Date "2013.07.20"]
[Round "1"]
[White "Walther,D"]
[Black "Tseitlin,Ma"]
[Result "0-1"]
[WhiteElo "2159"]
[BlackElo "2388"]

1.d4 Nf6 2.Bg5 c5 3.d5 Ne4 4.Be3 e5 5.f3 Nf6 6.Nc3 d6 7.Qd2 Be7 8.Bf2 e4
9.fxe4 Ng4 10.Nf3 Nxf2 11.Kxf2 f6 12.e3 O-O 13.Be2 Qe8 14.Rhf1 Bd8 15.Kg1 Ba5
16.Bd3 Nd7 17.a3 a6 18.Rab1 b5 19.b4 Bb6 20.a4 cxb4 21.Ne2 Nc5 22.axb5 Nxe4
23.Qxb4 Bxe3+ 24.Kh1 Nf2+ 25.Rxf2 Bxf2 26.Qxd6 axb5 27.Bxb5 Qg6 28.Bd3 Bf5
29.Nf4 Bxd3 30.Nxg6 Bxg6 31.h4 Rad8 32.Qc6 Bg3 33.c4 Bxb1 34.Ne5 Rde8  0-1

[Event "28th Avoine Open"]
[Site "Avoine FRA"]
[Date "2013.07.21"]
[Round "2.30"]
[White "Saada,J"]
[Black "Masset,J"]
[Result "1/2-1/2"]
[WhiteElo "2319"]
[BlackElo "2053"]

1.d4 Nf6 2.Bg5 c5 3.d5 Ne4 4.Bf4 Qb6 5.Bc1 e6 6.f3 Nf6 7.c4 exd5 8.cxd5 c4
9.e3 Bb4+ 10.Nc3 Qc5 11.e4 O-O 12.Bg5 d6 13.Qd2 Nbd7 14.Nh3 b5 15.Be2 Ba5
16.Be3 Qc7 17.O-O a6 18.Nf2 Nc5 19.Bd4 Nfd7 20.Qg5 f6 21.Qg3 Bb6 22.Rac1 Ne5
23.Bxc5 Bxc5 24.f4 Nf7 25.Kh1 f5 26.exf5 Nh6 27.Ng4  1/2-1/2

[Event "ch-AUT 2013"]
[Site "Feldkirch AUT"]
[Date "2013.07.21"]
[Round "2.19"]
[White "Sucher,J"]
[Black "Hofer,Emilian"]
[Result "1/2-1/2"]
[WhiteElo "2158"]
[BlackElo "2016"]

1.d4 d5 2.Bg5 Nf6 3.Nc3 Nbd7 4.f3 g6 5.e4 c6 6.Bd3 Bg7 7.e5 Ng8 8.f4 Nf8
9.Nf3 Ne6 10.Qd2 Nh6 11.O-O-O Bd7 12.h3 Qc7 13.Bh4 Nf5 14.Bxf5 gxf5 15.g4 Nf8
16.Rdg1 Ng6 17.Ne2 Bh6 18.Bf2 Qc8 19.g5 Bf8 20.h4 e6 21.h5 Ne7 22.h6 Ng6
23.Ng3 Be7 24.Nh5 O-O 25.Nh4 b6 26.Nf6+ Kh8 27.Kb1 Qc7 28.Nxg6+ fxg6 29.Rc1 c5
30.c4 dxc4 31.dxc5 Bc6 32.cxb6 axb6 33.Rxc4 Be4+ 34.Rxe4 fxe4 35.Rc1 Qa7
36.a3 Rfd8 37.Qc3 Qb8 38.Nxe4 Ra7 39.Qc6 Qb7 40.Nd6 Bxd6 41.exd6 Qxc6 42.Rxc6 Rad7
43.Bd4+ Kg8 44.Be5 Rb8 45.Kc2 Kf7 46.Kb3 Ke8 47.Kb4 b5 48.Rc5 Rdb7 49.d7+ Kxd7
50.Bxb8 Rxb8 51.Rxb5 Rf8 52.Rb7+ Kd6 53.Rxh7 Rxf4+ 54.Kb5 Rf5+ 55.Kb6 Rxg5
56.b4 Rg3 57.Ra7 Rh3 58.h7 e5 59.Rg7 g5 60.a4 e4 61.Rg6+ Kd7 62.a5 e3 63.Rxg5 Rxh7
64.a6 e2 65.Rg1 Kc8 66.b5 Re7 67.Re1 Kb8 68.Kc6 Re6+ 69.Kc5 Ka7 70.Kc4 Kb6
71.Kd5 Re8 72.Kc4 Re7 73.Kd3 Kxb5 74.Rxe2 Rxe2  1/2-1/2

[Event "36th Taminco Open"]
[Site "Ghent BEL"]
[Date "2013.07.21"]
[Round "3.11"]
[White "Lindam,Ingo"]
[Black "De Groote,E"]
[Result "0-1"]
[WhiteElo "2048"]
[BlackElo "2357"]

1.d4 Nf6 2.Bg5 c5 3.Nc3 cxd4 4.Qxd4 e6 5.O-O-O Be7 6.Nf3 a6 7.e4 d6 8.e5 dxe5
9.Qa4+ Bd7 10.Bb5 Qc8 11.Nxe5 Bxb5 12.Nxb5 O-O 13.Nc3 h6 14.Be3 Qc7 15.f4 Rc8
16.Rd2 Nc6 17.Nxc6 Qxc6 18.Qxc6 Rxc6 19.Bd4 Bb4 20.Re2 Bxc3 21.Bxc3 Nd5 22.Bd2 Rac8
23.c3 b5 24.Kb1 f5 25.Rhe1 Kf7 26.h3 Nf6 27.Be3 Rd6 28.Bd4 Ne4 29.g4 g6 30.gxf5 exf5
31.Rc2 Rcd8 32.Rce2 g5 33.Rg2 Rg6 34.Rf1 Ke6 35.Re1 Rdg8 36.Be5 gxf4 37.Rxg6+ Rxg6
38.Bxf4 h5 39.Kc2 Rg2+ 40.Kb3 Kd5 41.Rd1+ Kc6 42.h4 a5 43.a3 Rg4 44.Bg5 Nxg5
45.hxg5 a4+ 46.Kc2 Rxg5 47.Rf1 h4 48.Rf4 Rh5 49.Kd3 h3 50.Rf1 h2 51.Rh1 Kd5
52.Ke3 Ke5  0-1

[Event "Minsk Open 2013"]
[Site "Minsk BLR"]
[Date "2013.07.21"]
[Round "9.9"]
[White "Harshkou,M"]
[Black "Tunik,G"]
[Result "1/2-1/2"]
[WhiteElo "2194"]
[BlackElo "2435"]

1.d4 Nf6 2.Bg5 d5 3.Bxf6 exf6 4.e3 Be6 5.Bd3 Nd7 6.Ne2 Bd6 7.Nd2 O-O 8.O-O f5
9.c4 c6 10.cxd5 cxd5 11.Qb3 Qb8 12.g3 Nf6 13.Rfc1 Re8 14.Nc3 a6 15.Na4 b5
16.Nc5  1/2-1/2

[Event "65th ch-MNE 2013"]
[Site "Cetinje SRB"]
[Date "2013.07.23"]
[Round "4.3"]
[White "Kosic,D"]
[Black "Draskovic,L"]
[Result "1-0"]
[WhiteElo "2490"]
[BlackElo "2292"]

1.d4 Nf6 2.Bg5 c5 3.Bxf6 gxf6 4.d5 Qb6 5.Qc1 f5 6.c4 d6 7.Nc3 Nd7 8.e3 Nf6
9.Bd3 Bd7 10.Nge2 Bg7 11.Qc2 e6 12.O-O a6 13.Rad1 O-O 14.b3 Kh8 15.e4 fxe4
16.Nxe4 Nxe4 17.Bxe4 f5 18.dxe6 Bxe6 19.Bd5 Bd7 20.Nf4 Rae8 21.Rd3 Be5 22.Qd2 Rf6
23.Nh5 Rff8 24.g3 Qd8 25.Bxb7 f4 26.gxf4 Rxf4 27.Nxf4 Rg8+ 28.Rg3  1-0

[Event "15th TCh-Eur Senior"]
[Site "Dresden GER"]
[Date "2013.07.23"]
[Round "4"]
[White "Schueppen,H"]
[Black "Mewes,H"]
[Result "1/2-1/2"]
[WhiteElo "1824"]
[BlackElo "1899"]

1.d4 Nf6 2.Bg5 d5 3.Nd2 Nbd7 4.Ngf3 e6 5.e3 Be7 6.Bd3 O-O 7.O-O Re8 8.c3 c5
9.h3 Nh5 10.Bxe7 Qxe7 11.Ne5 Nhf6 12.f4 Nf8 13.Rf2 Bd7 14.g4 c4 15.Bc2 Red8
16.g5 Ne8 17.Rg2  1/2-1/2